000 00675nam a22002417a 4500
003 UA-OsUOA
001 78721
007 ta
008 20111018b un ||||| |||| 00| 0 ukr d
100 _aШевчук В.О.
090 _a821.161.2
_bШ37
942 _cBK
040 _aUA-OsUOA
_bukr
_cUA-OsUOA
_dUA-OsUOA
245 _aПтахи з невидимого острова
_bроман, повісті
300 _a470 с.
955 _a2
041 _aukr
080 _a821.161.2
020 _a5-333-00272-Х
260 _aК.
_bРад письменник
_c1989
650 7 _a82 Література. Літературознавство
_2UDC
999 _c365042
_d365042